00607 2200229 4500001002100000005001700021008004100038020002200079035002500101040001200126082001700138084001900155100002000174245005400194250001100248260003100259300002200290650002000312700001500332850001200347990001800359INLIS00000000001197120151008091959.0  a978-602-7723-35-1 a0010-091500000000484 aYOPDYOG 223a899.2213 a899.2213 Lia A aLIA Andriansyah aAlines skyc/ Lia Andriansyah; editor, Rina Lubis aCet. 1 aYogyakartabde TEENSc2013 a237 hlmc; 20 cm. aFiksi Indonesia aRINA Lubis aYOPDYOG a49979-PD/A.15